• 首页
  • 本馆介绍
  • 公告通知
  • 最新文献
  • 馆藏检索
  • 电子资源
  • 读者导购
  • 参考咨询
  • 我的图书馆
  • 登录
  • 详细信息显示
  • 放入我的书架
  • 预约/预借图书
  • 作者相关作品
  • 分类相关作品
  • 丛书相关作品
  • 出版社相关作品

书目信息

  • 表格格式
  • 工作单格式
  • 卡片格式
题名:
中国海洋文化
    
 
作者: 吕滨 主编 ;王保民 卷主编
分册:   河北卷
出版信息: 北京   海洋出版社  2016
页数: 15, 298页
开本: 25cm
丛书名:
单 册:
中图分类: P7-092
科图分类:
主题词: 海洋--hai yang--文化史--中国 , 海洋--hai yang--文化史--河北省
电子资源:
ISBN: 978-7-5027-9098-1
000 01046cam0 2200313 450
001 1759769912
005 20170407100102.48
010    @a978-7-5027-9098-1@dCNY60.00
100    @a20160906d2016 em y0chiy50 ea
101 0  @achi
102    @aCN@b110000
105    @aa a 000yy
106    @ar
200 1  @a中国海洋文化@Azhong guo hai yang wen hua@i河北卷@f《中国海洋文化》编委会编
210    @a北京@c海洋出版社@d2016
215    @a15, 298页@c图 (部分彩图)@d25cm
300    @a国家出版基金项目
314    @a主编吕滨; 本卷主编王保民
320    @a有书目 (第297-298页)
330    @a本书梳理、展现河北海洋文化,展示了河北沿海海洋事业发展、海洋军政历史沿革、海洋文学艺术、海洋风俗民情和沿海名胜风光。
517 1  @a河北卷@Ahe bei juan
606 0  @a海洋@Ahai yang@x文化史@y中国
606 0  @a海洋@Ahai yang@x文化史@y河北省
690    @aP7-092@v5
701  0 @a吕滨@Alv bin@4主编
702  0 @a王保民@Awang bao min@4卷主编
801  0 @aCN@b浙江省新华书店集团公司@c20160906
801  2 @aCN@bTSU@c20161027
905    @aBZT@dP7-092@e2-2
    
    中国海洋文化.河北卷/《中国海洋文化》编委会编.-北京:海洋出版社,2016
    15, 298页:图 (部分彩图);25cm
    国家出版基金项目
    
    ISBN 978-7-5027-9098-1:CNY60.00
    本书梳理、展现河北海洋文化,展示了河北沿海海洋事业发展、海洋军政历史沿革、海洋文学艺术、海洋风俗民情和沿海名胜风光。
●
相关链接 在五车中查询图书 在当当中查询图书 在豆瓣中查询图书


正题名:中国海洋文化     索取号:P7-092/2-2         预约/预借

序号 登录号 条形码 馆藏地/架位号 状态 备注
1 827225   2000827225   第二书库/ [索取号:P7-092/2-2] 在馆    
2 827226   2000827226   第二书库/ [索取号:P7-092/2-2] 在馆    
3 827227   2000827227   第二书库/ [索取号:P7-092/2-2] 在馆    
山东省滨州职业学院图书馆 欢迎您!
大连网信软件有限公司© 版权所有